| 000 | 00848nam a2200265 a 4500 | ||
|---|---|---|---|
| 001 | 000000264 | ||
| 003 | DO-SdBNP | ||
| 005 | 20250618114554.0 | ||
| 008 | 081031s2007 dr r 000 0 spa d | ||
| 020 | _a9789945161472 | ||
| 020 | _a9945161474 | ||
| 040 |
_aDO-SdBNP _bspa _cBNPHU |
||
| 082 |
_aRD863.44 _bA277g |
||
| 100 | 1 |
_aAgramonte, Carlos, _d1954- _9858 |
|
| 245 | 1 | 3 |
_aEl generalísimo / _cCarlos Agramonte. |
| 260 |
_aSanto Domingo : _bBúho, _c2007. |
||
| 300 |
_a468 p. ; _c22 cm. |
||
| 500 | _aIncluye datos biográficos del autor en la solapa de la cubierta | ||
| 590 | _aInventariado, 2019 / DG | ||
| 600 | 1 | 0 |
_aTrujillo Molina, Rafael Leónidas, _d 1891-1961 _976764 |
| 650 | 7 |
_aNovela histórica dominicana. _9860 |
|
| 650 | 4 |
_aLiteratura dominicana. _967 |
|
| 910 | _aValidado. Control de calidad. MMOLINA | ||
| 942 |
_2ddc _cLBS1 |
||
| 999 |
_c264 _d264 |
||